000 00493nmm a2200169Ia 4500
008 251105s9999||||xx |||||||||||||||||und||
020 _a8497423844
041 _aspa
100 _aGregorio Robles
245 0 _aLa familia de Iñigo Zubiaurre. :
_b Novela
264 _a[Madrid, España] :
_bBiblioteca Nueva,
_c2004
300 _a493 páginas
490 _aNarrativa contemporánea
650 _aSpanish narrative
856 _uhttps://public.digitaliapublishing.com/a/2549
942 _cCF
999 _c74163
_d74163